000 01178cam a2200361 a 4500
001 3072024
003 OSt
005 20140310184331.0
008 970729s1998 nyu c 000 1 eng
010 _a 97033367
020 _a0679886486
020 _a0439095085 (glb)
040 _aDLC
_cDLC
_dDLC
042 _alcac
050 0 0 _aPZ 7
_b.W24644Sr 1999
100 1 _aWarner, Sally,
_d1946-
_923844
245 1 0 _aSort of forever /
_cSally Warner.
260 _aNew York :
_bScholastic Inc.,
_c1999.
300 _a136 p. :
_c19 cm.
521 _aG5
526 _c770
650 1 _aCancer
_xFiction.
_923845
650 1 _aBest friends
_xFiction.
_923846
650 1 _aFriendship
_xFiction.
_923847
856 4 2 _3Contributor biographical information
_uhttp://www.loc.gov/catdir/bios/random051/97033367.html
856 4 2 _3Publisher description
_uhttp://www.loc.gov/catdir/description/random0410/97033367.html
906 _a7
_bcbc
_corignew
_d1
_eocip
_f19
_gy-gencatlg
942 _2lcc
_cBK-SCHOLAS
999 _c33666
_d33666